Le traité de l'infini de Jean Mair

Guardat en:
Dades bibliogràfiques
Autor principal: Elie, Hubert (Autor)
Format: Llibre
Idioma:francès
Publicat: París J. Vrin 1938
Matèries:
Etiquetes: Afegir etiqueta
Sense etiquetes, Sigues el primer a etiquetar aquest registre!

MARC

LEADER 00000nam a2200000 a 4500
001 UCZ5235
003 CL-VaPUC
008 951117e19380000FR |||||||||||||||||fre|d
082 0 4 |a 111.6  |b ELI  |2 21 
100 0 |a Elie, Hubert  |e author  |9 349195 
245 1 3 |a Le traité de l'infini de Jean Mair 
300 |a 244 p 
942 |c BK 
945 |d 19951117 00:00:00  |a cmena 
260 |a París  |b J. Vrin  |c 1938 
650 0 |a Ontología   |9 256850 
650 0 |a Metafísica  |9 265649 
650 0 |a Filosofía de la naturaleza  |9 265899 
650 0 |a Monadología   |9 268988 
583 |a last modification  |c 19951117 00:00:00  |k Rodrigo Vera 
999 |c 241555  |d 241553 
952 |0 0  |1 0  |4 0  |6 111_600000000000000_ELI_1938  |7 0  |8 P  |9 253905  |a BIBEDU  |b BIBEDU  |c BIBEDU_PB  |d 2019-11-19  |i 1573128  |o 111.6 ELI 1938  |p 1573128  |r 2024-01-25  |w 2019-11-19  |y BK  |k FIL